000 00580nam a2200205Ia 4500
005 20260114185900.0
008 008 260114s9999 xx 000 0 eng d
020 _a9781509944811
037 _aEBOOK
040 _aCRL
_beng
_cCRL
041 _aeng
_2eng
084 _qCRL
100 _aBrice Dickson and Conor McCormick
_9875623
245 4 _aThe Judicial Mind
260 _bBloomsbury
_c2021
650 _aLaw
_9875624
856 _uhttps://doi.org/10.5040/9781509944811?locatt=label:secondary_bloomsburyCollections
942 _cEBOOK
999 _c1474463
_d1474463